Sains di sekeliling kita

Bibliographic Details
Format: Book
Published: Kuala Lumpur : DBP , 1994
Subjects:

MARC

LEADER 00000cam a2200000 7i4500
001 0000008348
002 000009100
005 20000330.0
020 |a 9836200940 
090 0 0 |a 030   |b ENS 
245 0 0 |a Sains di sekeliling kita 
260 |a Kuala Lumpur :   |b DBP ,   |c 1994 
300 |a p.v :   |b ill ;   |c 27cm. 
650 0 0 |a Science   |x Experiments   |x Juvenile literature 
999 |a 052765   |b BUKU   |c JUNIOR BOOKS   |e PERPUSTAKAAN KOMUNITI PETALING JAYA 
999 |a 052766   |b BUKU   |c PINJAMAN   |e PERPUSTAKAAN KOMUNITI PETALING JAYA 
999 |a 052767   |b BUKU   |c PINJAMAN   |e PERPUSTAKAAN KOMUNITI PETALING JAYA 
999 |a 054827   |b BUKU   |c JUNIOR BOOKS   |e PERPUSTAKAAN KOMUNITI CAW KOTA DAMANSARA 
999 |a 054828   |b BUKU   |c JUNIOR BOOKS   |e PERPUSTAKAAN KOMUNITI CAW KOTA DAMANSARA